Global Logistics and Supply Chain Management. (Record no. 2348)

MARC details
005 - DATE AND TIME OF LATEST TRANSACTION
control field 20250516073604.0
020 ## - INTERNATIONAL STANDARD BOOK NUMBER
International Standard Book Number 978-1-119-70299-3
082 ## - DEWEY DECIMAL CLASSIFICATION NUMBER
Classification number 587.7
100 ## - MAIN ENTRY--PERSONAL NAME
Author name MANGAN, J.
245 ## - TITLE STATEMENT
Title Global Logistics and Supply Chain Management.
250 ## - EDITION STATEMENT
Edition statement 4th Ed.
260 ## - PUBLICATION, DISTRIBUTION, ETC.
Place of publication, distribution, etc. United Kingdom,
Name of publisher, distributor, etc. Lise Johnson,
Date of publication, distribution, etc. 2021.
300 ## - PHYSICAL DESCRIPTION
Extent xviii, 293p.;
Other physical details ill.;
Dimensions 24cm.
700 ## - ADDED ENTRY--PERSONAL NAME
Other authors/Editors LALWANI, C & CALATAYUD, A.
942 ## - ADDED ENTRY ELEMENTS (KOHA)
Source of classification or shelving scheme Dewey Decimal Classification
Koha item type Books
Holdings
Date last seen Total checkouts Full call number Barcode Cost, replacement price Price effective from Koha item type Lost status Source of classification or shelving scheme Damaged status Not for loan Withdrawn status Home library Current library Shelving location Date acquired Cost, normal purchase price
05/16/2025   578.7 MAN DOM00035 592281.00 05/16/2025 Books   Dewey Decimal Classification       CBE Dodoma CBE Dodoma Special Reserve Collection 05/16/2025 197427.00